000 00630nam a2200241Ia 4500
003 OSt
005 20220924152811.0
006 a|||||r|||| 00| 0
007 ta
008 220923b |||||||| |||| 00| 0 ara d
024 _a344726
037 _cTextual
040 _aARTS
_cARTS
_bara
041 _2ara
_aara
082 _aV467:194.N73, 28L5
100 _aGhitani Jamal Au.
_9227501
245 0 _aHaddas al-bawabah al-sharqiyah
260 _c1975
300 _a187p.
_ccm.
650 _aIRAQ - HISTORY
942 _hV467:194.N73, 28L5
_cTEXL
_2CC
999 _c471049
_d471049